| 000 | 00439nam a2200157Ia 4500 | ||
|---|---|---|---|
| 008 | 160316s1988 xxu||||| |||| 00| 0 eng d | ||
| 082 |
_a342.085000 _bVEN-2 |
||
| 100 | _aVenkataramaiah E S | ||
| 245 | _aCitizenship : Rights and duties | ||
| 250 | _a | ||
| 260 |
_aBangalore _bB V Naga Publications _c1988 |
||
| 300 |
_a95p. _b20 cm _cxvi |
||
| 365 | _bRs.75 | ||
| 650 | _a1.Citizenship - India 2.Fundamental Rights and Duties | ||
| 700 |
_a _a |
||
| 999 |
_c181 _d181 |
||